[Event "13th Khazar International Open Chess Tournament - "]
[Site "Rasht, Iran"]
[Date "2015.02.14"]
[Round "5"]
[Board "2"]
[White "Gholami, Aryan"]
[Black "Mahjoob, Morteza"]
[Result "0-1"]
[WhiteElo "2325"]
[BlackElo "2392"]
[PlyCount "0"]
[EventDate "2015.02.11"]
[EventRounds "9"]
[EventCountry "IRI"]

1. d4 Nf6 {[%clk 1:20:40]} 2. Nf3 {[%clk 1:30:58]} d5 {[%clk 1:20:40]} 3. c4
{[%clk 1:30:58]} e6 {[%clk 1:20:40]} 4. Nc3 {[%clk 1:30:58]} Be7 {[%clk 1:20:40]}
5. e3 {[%clk 1:30:58]} O-O {[%clk 1:20:40]} 6. Bd3 {[%clk 1:30:58]} c5
{[%clk 1:20:40]} 7. cxd5 {[%clk 1:30:58]} exd5 {[%clk 1:20:40]} 8. h3
{[%clk 1:30:58]} a6 {[%clk 1:20:40]} 9. dxc5 {[%clk 1:30:58]} Bxc5
{[%clk 1:20:40]} 10. O-O {[%clk 1:30:58]} Re8 {[%clk 1:20:40]} 11. b3
{[%clk 1:30:58]} Nc6 {[%clk 1:20:40]} 12. Bb2 {[%clk 1:30:58]} Ba7
{[%clk 1:20:40]} 13. Ne2 {[%clk 1:30:58]} Qd6 {[%clk 1:20:40]} 14. Rc1
{[%clk 1:30:58]} Bd7 {[%clk 1:20:40]} 15. Bb1 {[%clk 1:30:58]} Rad8
{[%clk 1:20:40]} 16. Nf4 {[%clk 1:30:58]} Bc8 {[%clk 1:20:40]} 17. Nd4
{[%clk 1:30:58]} Ne4 {[%clk 1:20:40]} 18. Qd3 {[%clk 1:30:58]} Qh6
{[%clk 1:20:40]} 19. Rfd1 {[%clk 1:30:58]} g5 {[%clk 1:20:40]} 20. Nfe2
{[%clk 1:30:58]} Ne5 {[%clk 1:20:40]} 21. Qc2 {[%clk 1:30:58]} Bxh3
{[%clk 1:20:40]} 22. gxh3 {[%clk 1:30:58]} Qxh3 {[%clk 1:20:40]} 23. Qxe4
{[%clk 1:30:58]} dxe4 {[%clk 1:20:40]} 24. Bxe4 {[%clk 1:30:58]} Ng4
{[%clk 1:20:40]} 25. Bg2 {[%clk 1:30:58]} Qh2+ {[%clk 1:20:40]} 26. Kf1
{[%clk 1:30:58]} Qh4 {[%clk 1:20:40]} 27. Kg1 {[%clk 1:30:58]} Qh2+
{[%clk 1:20:40]} 28. Kf1 {[%clk 1:30:58]} Qh4 {[%clk 1:20:40]} 29. Ng3
{[%clk 1:30:58]} Nxe3+ {[%clk 1:20:40]} 30. fxe3 {[%clk 1:30:58]} Qxg3
{[%clk 1:20:40]} 31. Nf5 {[%clk 1:30:58]} Rxd1+ {[%clk 1:20:40]} 32. Rxd1
{[%clk 1:30:58]} Qc7 {[%clk 1:20:40]} 33. Nh6+ {[%clk 1:30:58]} Kf8
{[%clk 1:20:40]} 34. Ba3+ {[%clk 1:30:58]} Bc5 {[%clk 1:20:40]} 35. Rc1
{[%clk 1:30:58]} b6 {[%clk 1:20:40]} 0-1

[Event "13th Khazar International Open Chess Tournament - "]
[Site "Rasht, Iran"]
[Date "2015.02.14"]
[Round "5"]
[Board "3"]
[White "Asgari, Morteza"]
[Black "Lazarev, Vladimir"]
[Result "1/2-1/2"]
[WhiteElo "2193"]
[BlackElo "2361"]
[PlyCount "0"]
[EventDate "2015.02.11"]
[EventRounds "9"]
[EventCountry "IRI"]

1. e4 {[%clk 1:30:40]} c5 {[%clk 1:23:19]} 2. Nf3 {[%clk 1:30:52]} Nc6
{[%clk 1:22:55]} 3. d4 {[%clk 1:31:11]} cxd4 {[%clk 1:23:14]} 4. Nxd4
{[%clk 1:31:38]} Qc7 {[%clk 1:23:22]} 5. Nc3 {[%clk 1:31:55]} e6 {[%clk 1:23:41]}
6. Be3 {[%clk 1:32:10]} a6 {[%clk 1:23:50]} 7. Qf3 {[%clk 1:32:20]} b5
{[%clk 1:22:48]} 8. Nxc6 {[%clk 1:22:26]} Qxc6 {[%clk 1:22:37]} 9. O-O-O
{[%clk 1:15:13]} Bb7 {[%clk 1:21:48]} 10. Bd3 {[%clk 1:09:01]} Nf6
{[%clk 1:21:23]} 11. Bd4 {[%clk 1:05:51]} Be7 {[%clk 1:21:22]} 12. g4
{[%clk 1:00:28]} O-O {[%clk 0:58:45]} 13. g5 {[%clk 0:59:20]} Ne8
{[%clk 0:58:42]} 14. Rhg1 {[%clk 0:59:37]} b4 {[%clk 0:41:50]} 15. Ne2
{[%clk 0:59:03]} d6 {[%clk 0:23:40]} 16. Nf4 {[%clk 0:50:58]} Qa4
{[%clk 0:20:21]} 17. Bc4 {[%clk 0:45:08]} Qc6 {[%clk 0:18:48]} 18. Bd3
{[%clk 0:27:15]} Qa4 {[%clk 0:16:18]} 19. Bc4 {[%clk 0:17:40]} Qc6
{[%clk 0:05:13]} 20. Bd3 {[%clk 0:13:46]} Qa4 {[%clk 0:04:52]} 21. Bc4
{[%clk 0:13:28]} Qc6 22. g6 Qxc4 1/2-1/2

[Event "13th Khazar International Open Chess Tournament - "]
[Site "Rasht, Iran"]
[Date "2015.02.14"]
[Round "5"]
[Board "4"]
[White "Bagheri, Maziar"]
[Black "Stopa, Jacek"]
[Result "0-1"]
[WhiteElo "2188"]
[BlackElo "2540"]
[PlyCount "0"]
[EventDate "2015.02.11"]
[EventRounds "9"]
[EventCountry "IRI"]

1. Nf3 {[%clk 1:30:56]} d5 {[%clk 1:29:32]} 2. d4 {[%clk 1:31:16]} Nf6
{[%clk 1:29:49]} 3. c4 {[%clk 1:31:40]} e6 {[%clk 1:30:16]} 4. Nc3
{[%clk 1:32:06]} Nbd7 {[%clk 1:30:41]} 5. Bg5 {[%clk 1:32:21]} Be7
{[%clk 1:31:03]} 6. e3 {[%clk 1:32:46]} O-O {[%clk 1:30:59]} 7. cxd5
{[%clk 1:32:14]} exd5 {[%clk 1:31:23]} 8. Bd3 {[%clk 1:32:39]} c6
{[%clk 1:31:42]} 9. Qc2 {[%clk 1:32:34]} Re8 {[%clk 1:32:04]} 10. O-O
{[%clk 1:32:58]} Nf8 {[%clk 1:32:29]} 11. Rae1 {[%clk 1:30:42]} Ne4
{[%clk 1:24:12]} 12. Bxe7 {[%clk 1:24:04]} Qxe7 {[%clk 1:24:36]} 13. Nd2
{[%clk 1:24:19]} Nxd2 {[%clk 1:21:16]} 14. Qxd2 {[%clk 1:24:17]} Qg5
{[%clk 1:17:40]} 15. f3 {[%clk 1:22:40]} Re6 {[%clk 1:14:43]} 16. f4
{[%clk 1:17:48]} Qh4 {[%clk 1:12:01]} 17. f5 {[%clk 1:16:42]} Rh6
{[%clk 1:12:01]} 18. g3 {[%clk 1:15:52]} Qg5 {[%clk 1:11:29]} 19. Rf4
{[%clk 1:13:36]} Qd8 {[%clk 1:10:29]} 20. Bc2 {[%clk 0:57:35]} b6
{[%clk 1:05:20]} 21. Nd1 {[%clk 0:55:57]} Rd6 {[%clk 1:04:50]} 22. Nf2
{[%clk 0:50:23]} c5 {[%clk 1:04:56]} 23. Ng4 {[%clk 0:49:41]} a5 {[%clk 0:59:28]}
24. h4 {[%clk 0:40:14]} Ra7 {[%clk 0:58:10]} 25. Qd1 {[%clk 0:34:16]} f6
{[%clk 0:57:13]} 26. Nf2 {[%clk 0:26:09]} Re7 {[%clk 0:50:48]} 27. g4
{[%clk 0:22:14]} h6 {[%clk 0:49:48]} 28. Nh3 {[%clk 0:20:40]} Qe8
{[%clk 0:49:49]} 29. Qf3 {[%clk 0:20:44]} Nd7 {[%clk 0:44:55]} 30. g5
{[%clk 0:17:31]} cxd4 {[%clk 0:45:19]} 31. Rxd4 {[%clk 0:17:48]} Ne5
{[%clk 0:45:43]} 32. Qg3 {[%clk 0:17:55]} Qc6 {[%clk 0:40:36]} 33. Re2
{[%clk 0:17:07]} Ba6 {[%clk 0:28:44]} 34. Rf2 {[%clk 0:16:44]} Nc4
{[%clk 0:25:51]} 35. gxh6 {[%clk 0:15:43]} Nxe3 {[%clk 0:25:53]} 36. Rdd2
{[%clk 0:10:05]} d4 {[%clk 0:20:08]} 37. Bb3+ {[%clk 0:08:36]} Bc4
{[%clk 0:20:37]} 38. Bxc4+ {[%clk 0:03:42]} Nxc4 {[%clk 0:21:02]} 39. Rde2
{[%clk 0:03:57]} Ne3 {[%clk 0:21:26]} 40. Nf4 {[%clk 0:03:44]} d3
{[%clk 0:16:40]} 41. Rxe3 {[%clk 0:00:31]} Qc1+ {[%clk 0:17:05]} 42. Kg2
{[%clk 0:00:42]} Qxe3 {[%clk 0:17:20]} 43. Rf3 {[%clk 0:00:41]} Qe5
{[%clk 0:14:49]} 44. Qg4 {[%clk 0:00:43]} Rc6 {[%clk 0:12:34]} 45. h7+
{[%clk 0:00:32]} Kxh7 {[%clk 0:13:00]} 46. Qh5+ {[%clk 0:00:43]} Kg8
{[%clk 0:13:29]} 47. Rxd3 {[%clk 0:00:40]} Rc8 {[%clk 0:11:32]} 48. Ne6
{[%clk 0:00:31]} Rxe6 {[%clk 0:11:47]} 49. fxe6 {[%clk 0:00:58]} Qxh5
{[%clk 0:12:12]} 0-1

[Event "13th Khazar International Open Chess Tournament - "]
[Site "Rasht, Iran"]
[Date "2015.02.14"]
[Round "5"]
[Board "5"]
[White "Ghaem Maghami, Ehsan"]
[Black "Sheykhhasani, Bardia"]
[Result "1-0"]
[WhiteElo "2554"]
[BlackElo "2328"]
[PlyCount "0"]
[EventDate "2015.02.11"]
[EventRounds "9"]
[EventCountry "IRI"]

1. Nf3 {[%clk 1:30:55]} Nf6 {[%clk 1:30:34]} 2. c4 {[%clk 1:31:07]} e6
{[%clk 1:26:50]} 3. g3 {[%clk 1:29:06]} d5 {[%clk 1:25:43]} 4. Bg2
{[%clk 1:29:18]} Be7 {[%clk 1:24:58]} 5. O-O {[%clk 1:29:16]} O-O
{[%clk 1:23:36]} 6. d4 {[%clk 1:29:24]} dxc4 {[%clk 1:23:36]} 7. Qc2
{[%clk 1:29:26]} b5 {[%clk 1:22:03]} 8. a4 {[%clk 1:27:04]} b4 {[%clk 1:19:07]}
9. Ne5 {[%clk 1:24:12]} Qxd4 {[%clk 1:17:07]} 10. Nxc4 {[%clk 1:22:57]} c6
{[%clk 1:17:30]} 11. Rd1 {[%clk 1:22:57]} Qc5 {[%clk 1:16:22]} 12. Be3
{[%clk 1:12:13]} Qh5 {[%clk 1:14:48]} 13. h3 {[%clk 1:12:15]} Nd5
{[%clk 0:56:24]} 14. Nbd2 {[%clk 1:01:30]} Bb7 {[%clk 0:44:34]} 15. Nb3
{[%clk 0:54:49]} Na6 {[%clk 0:26:07]} 16. Nca5 {[%clk 0:39:19]} Nxe3
{[%clk 0:18:22]} 17. fxe3 {[%clk 0:39:38]} Bc8 {[%clk 0:17:02]} 18. Nxc6
{[%clk 0:38:11]} Bg5 {[%clk 0:16:51]} 19. Kh2 {[%clk 0:36:17]} Kh8
{[%clk 0:15:08]} 20. Qc4 {[%clk 0:30:55]} Nc7 {[%clk 0:13:51]} 21. Qxb4
{[%clk 0:19:51]} Ba6 {[%clk 0:13:14]} 22. Bf3 {[%clk 0:20:12]} Qh6
{[%clk 0:12:36]} 23. Qa5 {[%clk 0:20:15]} Bc4 {[%clk 0:09:40]} 24. Qxc7
{[%clk 0:17:09]} Bxb3 {[%clk 0:10:01]} 25. Rd7 {[%clk 0:17:11]} e5
{[%clk 0:09:20]} 26. Nxe5 {[%clk 0:12:53]} Be6 {[%clk 0:05:22]} 27. Ng4
{[%clk 0:12:54]} Bxg4 {[%clk 0:04:48]} 28. Bxg4 {[%clk 0:13:11]} Bxe3
{[%clk 0:05:13]} 29. Rxf7 {[%clk 0:12:27]} Bb6 {[%clk 0:05:33]} 30. Qe7
{[%clk 0:10:42]} Rxf7 {[%clk 0:04:42]} 31. Qxf7 {[%clk 0:11:10]} Qd6
{[%clk 0:05:11]} 32. Rf1 {[%clk 0:10:31]} Bd4 {[%clk 0:04:58]} 33. b4
{[%clk 0:09:08]} Bf6 {[%clk 0:03:38]} 34. b5 {[%clk 0:08:17]} Qe5
{[%clk 0:02:02]} 35. Bf3 {[%clk 0:07:37]} Rd8 {[%clk 0:00:51]} 36. Rd1
{[%clk 0:06:42]} Re8 {[%clk 0:00:56]} 37. Qxa7 {[%clk 0:06:27]} Bh4
{[%clk 0:00:49]} 38. Qf2 {[%clk 0:06:32]} Bg5 {[%clk 0:00:41]} 39. Qd4
{[%clk 0:06:43]} 1-0

[Event "13th Khazar International Open Chess Tournament - "]
[Site "Rasht, Iran"]
[Date "2015.02.14"]
[Round "5"]
[Board "6"]
[White "Papin, Vasily"]
[Black "Mousavi, Seyed Khalil"]
[Result "0-1"]
[WhiteElo "2515"]
[BlackElo "2285"]
[PlyCount "0"]
[EventDate "2015.02.11"]
[EventRounds "9"]
[EventCountry "IRI"]

1. d4 {[%clk 1:30:47]} d5 {[%clk 1:30:17]} 2. c4 {[%clk 1:30:51]} e6
{[%clk 1:30:22]} 3. Nf3 {[%clk 1:30:58]} Be7 {[%clk 1:29:30]} 4. Nc3
{[%clk 1:30:52]} Nf6 {[%clk 1:29:33]} 5. Bf4 {[%clk 1:30:26]} O-O
{[%clk 1:28:16]} 6. e3 {[%clk 1:29:41]} b6 {[%clk 1:27:53]} 7. Bd3
{[%clk 1:27:45]} Bb7 {[%clk 1:25:11]} 8. cxd5 {[%clk 1:25:49]} Nxd5
{[%clk 1:19:04]} 9. Nxd5 {[%clk 1:25:50]} Qxd5 {[%clk 1:18:07]} 10. Bxc7
{[%clk 1:26:09]} Na6 {[%clk 1:17:07]} 11. Bg3 {[%clk 1:25:38]} Qa5+
{[%clk 1:14:54]} 12. Kf1 {[%clk 1:00:01]} Nb4 {[%clk 1:11:32]} 13. Be2
{[%clk 0:59:28]} Qd5 {[%clk 1:00:51]} 14. a3 {[%clk 0:58:57]} Nc6
{[%clk 1:00:19]} 15. h3 {[%clk 0:54:25]} Rfd8 {[%clk 0:45:22]} 16. Rc1
{[%clk 0:48:34]} Rac8 {[%clk 0:39:26]} 17. Bc4 {[%clk 0:44:52]} Qd7
{[%clk 0:30:54]} 18. Kg1 {[%clk 0:43:03]} Bd6 {[%clk 0:29:16]} 19. Kh2
{[%clk 0:41:42]} Na5 {[%clk 0:29:08]} 20. Be2 {[%clk 0:37:29]} Bxg3+
{[%clk 0:24:03]} 21. fxg3 {[%clk 0:37:50]} Rxc1 {[%clk 0:15:48]} 22. Qxc1
{[%clk 0:38:15]} Rc8 {[%clk 0:15:23]} 23. Qb1 {[%clk 0:34:17]} Bxf3
{[%clk 0:11:25]} 24. Bxf3 {[%clk 0:33:38]} Nc4 {[%clk 0:11:08]} 25. Re1
{[%clk 0:30:10]} g6 {[%clk 0:09:39]} 26. Re2 {[%clk 0:29:54]} b5 {[%clk 0:09:34]}
27. Qe1 {[%clk 0:26:14]} Nd6 {[%clk 0:08:04]} 28. e4 {[%clk 0:24:40]} Rc4
{[%clk 0:08:15]} 29. Rd2 {[%clk 0:22:19]} Qc7 {[%clk 0:08:16]} 30. Qe3
{[%clk 0:15:10]} a5 {[%clk 0:06:57]} 31. Qf4 {[%clk 0:15:04]} Qb6
{[%clk 0:04:55]} 32. d5 {[%clk 0:03:25]} Rc1 {[%clk 0:05:06]} 33. Bd1
{[%clk 0:03:52]} e5 {[%clk 0:03:30]} 34. Qxe5 {[%clk 0:04:17]} Nc4
{[%clk 0:03:53]} 35. Qd4 {[%clk 0:04:27]} Qd6 {[%clk 0:01:45]} 36. Rc2
{[%clk 0:03:58]} Rb1 {[%clk 0:00:45]} 37. Be2 {[%clk 0:01:36]} Ne5
{[%clk 0:00:41]} 38. Rc8+ {[%clk 0:01:34]} Kg7 {[%clk 0:01:10]} 39. Rc6
{[%clk 0:02:02]} Qe7 {[%clk 0:01:39]} 40. Ra6 {[%clk 0:00:45]} Kh6
{[%clk 0:00:49]} 41. Qd2+ {[%clk 0:00:37]} Kg7 {[%clk 0:01:12]} 42. Qc2
{[%clk 0:00:35]} Re1 {[%clk 0:00:59]} 43. Qd2 {[%clk 0:00:41]} Rb1
{[%clk 0:01:28]} 44. Qd4 {[%clk 0:00:34]} Kh6 {[%clk 0:01:57]} 45. h4
{[%clk 0:00:44]} Qc7 {[%clk 0:01:47]} 46. Qe3+ {[%clk 0:00:38]} Kg7
{[%clk 0:02:16]} 47. Ra7 {[%clk 0:00:32]} Qd6 {[%clk 0:02:25]} 48. Qc3
{[%clk 0:00:32]} b4 {[%clk 0:02:20]} 49. axb4 {[%clk 0:00:59]} axb4
{[%clk 0:02:44]} 50. Qc2 {[%clk 0:01:01]} Re1 {[%clk 0:03:06]} 51. Qd2
{[%clk 0:01:15]} Rb1 {[%clk 0:03:32]} 52. Qd4 {[%clk 0:01:34]} Qf6
{[%clk 0:03:48]} 53. Qe3 {[%clk 0:00:33]} Re1 {[%clk 0:03:02]} 54. Qd2
{[%clk 0:00:35]} Qf2 {[%clk 0:03:11]} 0-1

[Event "13th Khazar International Open Chess Tournament - "]
[Site "Rasht, Iran"]
[Date "2015.02.14"]
[Round "5"]
[Board "7"]
[White "Pourramezanali, Amirreza"]
[Black "Allajov, Ramil"]
[Result "1-0"]
[WhiteElo "2432"]
[BlackElo "2183"]
[PlyCount "0"]
[EventDate "2015.02.11"]
[EventRounds "9"]
[EventCountry "IRI"]

1. e4 {[%clk 1:30:59]} g6 {[%clk 1:30:17]} 2. d4 {[%clk 1:31:23]} Bg7
{[%clk 1:30:42]} 3. Nf3 {[%clk 1:31:08]} d6 {[%clk 1:30:24]} 4. Bc4
{[%clk 1:31:32]} Nf6 {[%clk 1:29:53]} 5. Qe2 {[%clk 1:32:01]} O-O
{[%clk 1:22:55]} 6. e5 {[%clk 1:32:19]} dxe5 {[%clk 1:23:15]} 7. dxe5
{[%clk 1:32:43]} Nd5 {[%clk 1:23:06]} 8. O-O {[%clk 1:33:07]} c6 {[%clk 1:22:13]}
9. Rd1 {[%clk 1:30:36]} Bg4 {[%clk 1:20:46]} 10. h3 {[%clk 1:22:28]} Bxf3
{[%clk 1:20:47]} 11. Qxf3 {[%clk 1:22:26]} Bxe5 {[%clk 1:21:06]} 12. Bxd5
{[%clk 1:22:39]} cxd5 {[%clk 1:21:35]} 13. Rxd5 {[%clk 1:22:58]} Qc7
{[%clk 1:21:42]} 14. Na3 {[%clk 1:22:04]} Bg7 {[%clk 1:21:16]} 15. c3
{[%clk 1:19:19]} e6 {[%clk 1:18:37]} 16. Rd3 {[%clk 1:13:09]} Nc6
{[%clk 1:16:32]} 17. Bf4 {[%clk 1:13:16]} e5 {[%clk 1:14:53]} 18. Be3
{[%clk 1:12:59]} Qe7 {[%clk 1:12:17]} 19. Qg4 {[%clk 1:06:11]} Rfd8
{[%clk 1:11:44]} 20. Rad1 {[%clk 1:05:48]} Rxd3 {[%clk 1:11:49]} 21. Rxd3
{[%clk 1:06:16]} Rd8 {[%clk 1:12:11]} 22. Bg5 {[%clk 1:04:50]} f6
{[%clk 1:07:49]} 23. Qc4+ {[%clk 1:05:15]} Qf7 {[%clk 1:02:37]} 24. Rxd8+
{[%clk 1:01:08]} Nxd8 {[%clk 1:03:03]} 25. Qc8 {[%clk 1:01:33]} fxg5
{[%clk 1:03:21]} 26. Qxd8+ {[%clk 1:01:57]} Bf8 {[%clk 1:03:48]} 27. Nc2
{[%clk 0:39:53]} Qxa2 {[%clk 1:00:25]} 28. Ne3 {[%clk 0:38:08]} Qxb2
{[%clk 0:53:52]} 29. Qd5+ {[%clk 0:37:34]} Kg7 {[%clk 0:54:16]} 30. Qd7+
{[%clk 0:33:05]} Kg8 {[%clk 0:54:27]} 31. Qe6+ {[%clk 0:31:48]} Kg7
{[%clk 0:54:40]} 32. Qxe5+ {[%clk 0:31:54]} Kf7 {[%clk 0:55:09]} 33. Qc7+
{[%clk 0:26:16]} Kg8 {[%clk 0:52:16]} 34. Qc4+ {[%clk 0:26:05]} Kg7
{[%clk 0:52:39]} 35. Qd4+ {[%clk 0:23:02]} Kf7 {[%clk 0:52:47]} 36. Qxa7
{[%clk 0:22:49]} Qb1+ {[%clk 0:46:48]} 37. Kh2 {[%clk 0:21:10]} Qe4
{[%clk 0:47:14]} 38. Qa5 {[%clk 0:19:48]} Bd6+ {[%clk 0:46:02]} 39. g3
{[%clk 0:19:16]} Qf3 {[%clk 0:46:12]} 40. Qa2+ {[%clk 0:19:20]} Kg7
{[%clk 0:44:45]} 41. Qd2 {[%clk 0:18:26]} Be5 {[%clk 0:43:44]} 42. Kg1
{[%clk 0:18:10]} h5 {[%clk 0:42:41]} 43. c4 {[%clk 0:17:47]} Qc6 {[%clk 0:42:27]}
44. Qd3 {[%clk 0:17:43]} Qf3 {[%clk 0:39:36]} 45. Qd7+ {[%clk 0:17:51]} Qf7
{[%clk 0:39:30]} 46. Qd8 {[%clk 0:17:55]} Bf6 {[%clk 0:35:34]} 47. Qd3
{[%clk 0:18:17]} Qe6 {[%clk 0:33:09]} 48. g4 {[%clk 0:17:46]} h4 {[%clk 0:32:02]}
49. Kg2 {[%clk 0:18:01]} Be7 {[%clk 0:24:33]} 50. Nd5 {[%clk 0:18:12]} Qe5
{[%clk 0:25:02]} 51. Qb1 {[%clk 0:17:14]} Bd6 {[%clk 0:21:12]} 52. Qxb7+
{[%clk 0:17:37]} Kh6 {[%clk 0:21:41]} 53. Qb3 {[%clk 0:14:03]} Qe4+
{[%clk 0:22:03]} 54. Kf1 {[%clk 0:14:30]} Bc5 {[%clk 0:22:19]} 55. Qc3
{[%clk 0:12:49]} Bd4 {[%clk 0:22:12]} 56. Qa3 {[%clk 0:12:47]} Qb1+
{[%clk 0:20:06]} 57. Kg2 {[%clk 0:13:16]} Qc2 {[%clk 0:20:26]} 58. Qf8+
{[%clk 0:13:17]} Bg7 {[%clk 0:20:31]} 59. Ne3 {[%clk 0:12:48]} Qb2
{[%clk 0:17:38]} 60. Qd6 {[%clk 0:12:59]} Kh7 {[%clk 0:17:44]} 61. Qe7
{[%clk 0:13:01]} Kh6 {[%clk 0:17:26]} 62. Qe6 {[%clk 0:13:16]} Kh7
{[%clk 0:17:47]} 63. Nd5 {[%clk 0:13:29]} Bd4 {[%clk 0:16:06]} 64. Qf7+
{[%clk 0:13:43]} Kh6 {[%clk 0:16:35]} 65. Qf8+ {[%clk 0:12:19]} Bg7
{[%clk 0:16:41]} 66. Qf3 {[%clk 0:12:14]} Qd4 {[%clk 0:16:09]} 67. Ne3
{[%clk 0:12:41]} Qc3 {[%clk 0:15:28]} 68. Qc6 {[%clk 0:12:56]} Kh7
{[%clk 0:15:54]} 69. Qd5 {[%clk 0:08:25]} Be5 {[%clk 0:12:29]} 70. Qf7+
{[%clk 0:08:19]} Kh6 {[%clk 0:11:54]} 71. Nf5+ {[%clk 0:08:19]} 1-0

[Event "13th Khazar International Open Chess Tournament - "]
[Site "Rasht, Iran"]
[Date "2015.02.14"]
[Round "5"]
[Board "8"]
[White "Noroozi, Omid"]
[Black "Asgharzadeh, M.Reza"]
[Result "0-1"]
[WhiteElo "2376"]
[BlackElo "2142"]
[PlyCount "0"]
[EventDate "2015.02.11"]
[EventRounds "9"]
[EventCountry "IRI"]

1. c4 {[%clk 1:19:06]} c5 {[%clk 1:30:28]} 2. Nf3 {[%clk 1:19:24]} g6
{[%clk 1:30:38]} 3. d4 {[%clk 1:18:37]} cxd4 {[%clk 1:30:55]} 4. Nxd4
{[%clk 1:19:00]} Nc6 {[%clk 1:21:53]} 5. e4 {[%clk 1:19:22]} Bg7 {[%clk 1:20:46]}
6. Be3 {[%clk 1:19:43]} Nf6 {[%clk 1:21:11]} 7. Nc3 {[%clk 1:20:09]} O-O
{[%clk 1:19:48]} 8. Be2 {[%clk 1:20:33]} e6 {[%clk 1:14:35]} 9. Ndb5
{[%clk 1:20:54]} a6 {[%clk 1:11:22]} 10. Nd6 {[%clk 1:20:14]} Ne8
{[%clk 1:11:37]} 11. Rc1 {[%clk 1:19:49]} f5 {[%clk 1:06:04]} 12. exf5
{[%clk 1:13:27]} gxf5 {[%clk 1:04:19]} 13. O-O {[%clk 1:13:46]} Nxd6
{[%clk 0:50:31]} 14. Qxd6 {[%clk 1:14:13]} Be5 {[%clk 0:50:49]} 15. Qd2
{[%clk 1:14:35]} f4 {[%clk 0:47:50]} 16. Bc5 {[%clk 1:11:10]} d6 {[%clk 0:47:48]}
17. Ba3 {[%clk 1:11:39]} f3 {[%clk 0:46:48]} 18. Bxf3 {[%clk 0:54:45]} Rxf3
{[%clk 0:46:48]} 19. Ne4 {[%clk 0:43:39]} Qh4 {[%clk 0:36:57]} 20. Ng3
{[%clk 0:33:04]} Bf4 {[%clk 0:35:57]} 21. Qd1 {[%clk 0:27:50]} Rxa3
{[%clk 0:35:57]} 22. bxa3 {[%clk 0:28:18]} Bxc1 {[%clk 0:36:11]} 23. Qxc1
{[%clk 0:28:47]} e5 {[%clk 0:33:44]} 24. Re1 {[%clk 0:24:00]} Be6
{[%clk 0:28:57]} 25. Re4 {[%clk 0:23:19]} Qe7 {[%clk 0:29:15]} 26. Qh6
{[%clk 0:23:21]} Rf8 {[%clk 0:28:32]} 27. Rh4 {[%clk 0:20:22]} Rf6
{[%clk 0:27:30]} 28. Qh5 {[%clk 0:19:38]} Rf4 {[%clk 0:26:36]} 0-1

[Event "13th Khazar International Open Chess Tournament - "]
[Site "Rasht, Iran"]
[Date "2015.02.14"]
[Round "5"]
[Board "9"]
[White "Mammadov, Gulam"]
[Black "Sharbaf, Mohsen"]
[Result "0-1"]
[WhiteElo "1877"]
[BlackElo "2350"]
[PlyCount "0"]
[EventDate "2015.02.11"]
[EventRounds "9"]
[EventCountry "IRI"]

1. Nf3 {[%clk 1:30:52]} g6 {[%clk 1:30:16]} 2. g3 {[%clk 1:30:56]} Bg7
{[%clk 1:30:40]} 3. Bg2 {[%clk 1:30:39]} e5 {[%clk 1:31:02]} 4. d3
{[%clk 1:30:35]} d6 {[%clk 1:31:24]} 5. O-O {[%clk 1:30:14]} f5 {[%clk 1:31:48]}
6. e4 {[%clk 1:27:22]} Ne7 {[%clk 1:29:43]} 7. Nc3 {[%clk 1:15:43]} O-O
{[%clk 1:30:06]} 8. Ne1 {[%clk 1:15:44]} f4 {[%clk 1:30:25]} 9. Ne2
{[%clk 1:10:15]} g5 {[%clk 1:30:05]} 10. d4 {[%clk 1:08:33]} Ng6 {[%clk 1:28:23]}
11. dxe5 {[%clk 0:59:39]} Bxe5 {[%clk 1:28:01]} 12. f3 {[%clk 0:56:48]} Nc6
{[%clk 1:24:13]} 13. Nd3 {[%clk 0:47:22]} Be6 {[%clk 1:23:44]} 14. h4
{[%clk 0:35:21]} fxg3 {[%clk 1:21:44]} 15. Bxg5 {[%clk 0:35:09]} Bf6
{[%clk 1:22:00]} 16. Qe1 {[%clk 0:30:32]} Nxh4 {[%clk 1:17:22]} 17. Bh6
{[%clk 0:24:19]} Nd4 {[%clk 1:12:44]} 18. Ndf4 {[%clk 0:19:47]} Qe7
{[%clk 1:09:31]} 19. Nh5 {[%clk 0:11:49]} Nxe2+ {[%clk 1:08:21]} 20. Qxe2
{[%clk 0:11:59]} Bd4+ {[%clk 1:08:46]} 21. Be3 {[%clk 0:11:57]} Qg5
{[%clk 1:07:19]} 22. Bxd4 {[%clk 0:10:35]} Qxh5 {[%clk 1:07:41]} 23. Rfe1
{[%clk 0:06:49]} Nxf3+ {[%clk 1:06:47]} 24. Bxf3 {[%clk 0:07:11]} Rxf3
{[%clk 1:07:13]} 25. Rf1 {[%clk 0:05:37]} Rxf1+ {[%clk 1:06:49]} 0-1